[Event "Pirai do Sul op 25th"]
[Site "Chess.com INT"]
[Date "2020.12.26"]
[Round "1"]
[White "Schmidt, Guilherme Machado L"]
[Black "De Ramos, Joao Victor Vedan"]
[Result "1-0"]
[WhiteElo "1534"]
[BlackElo "1719"]
[PlyCount "61"]
[EventDate "2020.12.26"]
[EventType "swiss"]
[EventRounds "12"]
[EventCountry "BRA"]
[SourceTitle "CBM 200 Extra"]
[Source "ChessBase"]
[SourceDate "2021.03.31"]
[SourceVersion "1"]
[SourceVersionDate "2021.03.31"]
[SourceQuality "1"]

1. d4 e6 2. c4 Nc6 3. Nc3 Nf6 4. Bg5 d5 5. e3 dxc4 6. Bxc4 Bb4 7. Nf3 h6 8. Bh4 g5 9. Bg3 Bxc3+ 10. bxc3 Bd7 11. Bd3 Qe7 12. Bxc7 Nb8 13. 0-0 Ba4 14. Qxa4+ Nbd7 15. Bb5 0-0 16. c4 Nb6 17. Bxb6 axb6 18. Qc2 Rfc8 19. Ne5 Kf8 20. Qe2 Ne4 21. Qf3 Nd6 22. Ng6+ Kg7 23. Nxe7 Rf8 24. c5 Nf5 25. Nxf5+ exf5 26. Qxf5 Ra5 27. Bd3 Rg8 28. Qh7+ Kf8 29. Qxh6+ Rg7 30. Qd6+ Kg8 31. Qd8# 1-0